000 00437nam a2200181Ia 4500
001 14988
005 20260306164955.0
008 260306t2007||||xx |||||||||||||| ||spa||
041 _aESP
082 _a519.53
_bM88 2007
100 _aMoya Calderón, Rufino
_eAUT
245 0 _aEstadística descriptiva:
_bconceptos y aplicaciones
260 _c2007
300 _a
_c
650 _aGEN
654 _aCMA
942 _cLIB
_dJUS
_fJUS
_2ddc
_n
999 _c14988
_d14988